Úľavy štátu pri podnikaní zdravotne handicapovaných osôb
Niektoré finančné výhody od štátu pre záujemcov o podnikanie zdravotne handicapovaných občanov. Daňové úľavy pre invalidov. Finančné zvýhodnenie podľa zákona o zamestnanosti.
Gespeichert in:
| 1. Verfasser: | |
|---|---|
| Format: | Buchkapitel |
| Sprache: | Slowakisch |
| Schlagworte: | |
| Tags: |
Keine Tags, Fügen Sie das erste Tag hinzu!
|
MARC
| LEADER | 00000naa a2200000 4500 | ||
|---|---|---|---|
| 001 | r047426 | ||
| 005 | 20230711121250.2 | ||
| 041 | 0 | |a slo | |
| 044 | |a SK | ||
| 245 | 1 | 0 | |a Úľavy štátu pri podnikaní zdravotne handicapovaných osôb |c Emil Burák |
| 520 | |a Niektoré finančné výhody od štátu pre záujemcov o podnikanie zdravotne handicapovaných občanov. Daňové úľavy pre invalidov. Finančné zvýhodnenie podľa zákona o zamestnanosti. | ||
| 610 | 2 | 0 | |a zvýhodnenie daňové |
| 610 | 2 | 0 | |a osoby so zníženou pracovnou schopnosťou |
| 610 | 2 | 0 | |a invalidi |
| 610 | 2 | 0 | |a úľavy daňové |
| 610 | 2 | 0 | |a podpora podnikania |
| 100 | 1 | |a Burák, Emil | |